| 000 | 00787nam a2200229Ii 4500 | ||
|---|---|---|---|
| 003 | JO-AjNU | ||
| 008 | 230605s9999||||xx |||||||||||||| ||und|| | ||
| 017 | _a22/1419 | ||
| 020 | _a9960-868-065-6 | ||
| 040 |
_aJO-AjNU _bara _erda _cJO-AjNU |
||
| 041 | _aara | ||
| 050 | 1 | 4 | _aPJ 7601 .R85 2001 |
| 100 | 3 |
_a الرماني، زيد بن محمد بن دحيم، 1385 هجري, _eauthor _918348 |
|
| 245 | 0 | 0 | _aقطوف من الأدب والبلاغة |
| 250 | _aط1 | ||
| 264 | 3 | 1 | _aالرياض: دار طويق، 2001 |
| 300 | _a94ص | ||
| 336 |
_atext _btxt _2rdacontent |
||
| 337 |
_aunmediated _bn _2rdamedia |
||
| 338 |
_avolume _bnc _2rdacarrier |
||
| 650 | 4 |
_aاللغة العربية - بلاغة - الادب العربي - الثنر العربي - مجموعات _918349 |
|
| 999 |
_aA5851 _c9419 _d9419 |
||